000 00378nam a2200181Ia 4500
003 0100
008 130303s9999 xx 000 0 und d
040 _cARRUPELIB
050 _aLB1025.H63 1954
100 _aHighet, Gilbert
245 4 _aThe art of teaching
260 _aNY
260 _bKnopf
260 _C1954
300 _a291p
650 _bAristotle
942 0 0 _03
999 _c52885
_d52885